000 00732nam a2200229Ia 4500
003 OSt
005 20220925235229.0
006 a|||||r|||| 00| 0
007 ta
008 220923b |||||||| |||| 00| 0 eng d
037 _cGeneral Book
040 _aRTL
_cRTL
_beng
041 _2eng
_aeng
082 _aV:19(ZA):5.P09<P04, P8/GD
110 _aINDIA, COMMERCE AND INDUSTRY (Ministry of-)
_9122823
245 0 _aAnnual supplement to foreign trade policy 2004-09.
260 _a New Delhi
_bController of Publication
_c2008
300 _a12p.
_ccm.
700 _aINDIA, COMMERCE AND INDUSTRY (Ministry of-)
_9122824
942 _hV:19(ZA):5.P09<P04, P8/GD
_cGB
_2CC
999 _c597012
_d597012